[Event "Asuncion CIT op"]
[Site "Asuncion"]
[Date "2023.08.16"]
[Round "7"]
[White "Vera, Gajardo Jorge L"]
[Black "Ocampos Mereles, Martin Alfredo"]
[Result "1-0"]
[WhiteElo "1628"]
[BlackElo "1379"]
[PlyCount "71"]
[EventDate "2023.08.12"]
[EventType "swiss"]
[EventRounds "9"]
[EventCountry "PAR"]
[SourceTitle "CBM 215 Extra"]
[Source "ChessBase"]
[SourceDate "2023.09.30"]
[SourceVersion "1"]
[SourceVersionDate "2023.09.30"]
[SourceQuality "1"]

1. d4 Nf6 2. Bf4 e6 3. e3 c5 4. c3 b6 5. Nd2 Be7 6. Bd3 Bb7 7. Ngf3 cxd4 8. exd4 d6 9. Qc2 Nbd7 10. Nc4 Qc7 11. a4 a6 12. Bg3 Nh5 13. Ncd2 Nxg3 14. hxg3 h6 15. g4 Nf6 16. g5 Nd5 17. 0-0-0 Rc8 18. Kb1 Qd8 19. Ne4 Nb4 20. Qe2 Nxd3 21. Rxd3 Qd7 22. b3 Qc6 23. d5 Qd7 24. c4 b5 25. axb5 axb5 26. c5 dxc5 27. Ne5 Qd8 28. dxe6 Qa5 29. exf7+ Kf8 30. gxh6 Bxe4 31. Qxe4 Bf6 32. hxg7+ Bxg7 33. Rxh8+ Bxh8 34. Ng6+ Kg7 35. Nxh8 Rxh8 36. Rg3+ 1-0

[Event "Asuncion Aurora Cup U2200"]
[Site "Asuncion"]
[Date "2018.10.20"]
[Round "4"]
[White "Vera, Gajardo Jorge L"]
[Black "Lopez, Francisco1111"]
[Result "1-0"]
[WhiteElo "1903"]
[BlackElo "1646"]
[PlyCount "43"]
[EventDate "2018.10.19"]
[EventType "swiss"]
[EventRounds "7"]
[EventCountry "PAR"]
[SourceTitle "CBM 187 Extra"]
[Source "ChessBase"]
[SourceDate "2018.11.04"]
[SourceVersion "1"]
[SourceVersionDate "2018.11.04"]
[SourceQuality "1"]

1. d4 Nf6 2. Nf3 g6 3. g3 Bg7 4. Bg2 0-0 5. 0-0 d6 6. c3 Bd7 7. Nbd2 Re8 8. Qb3 Qc8 9. Ng5 e6 10. Bxb7 Qd8 11. Bxa8 h6 12. Nge4 Nh5 13. Bb7 f5 14. Nf3 fxe4 15. Bxe4 Nf6 16. Bxg6 Rf8 17. Bd2 Qe7 18. c4 Kh8 19. Bd3 Rg8 20. Nh4 Qd8 21. Ng6+ Kh7 22. Ne5+ 1-0

[Event "PAR-ch sf"]
[Site "Asuncion"]
[Date "2018.08.15"]
[Round "7"]
[White "Montiel, Angel Nathanael"]
[Black "Vera, Gajardo Jorge L"]
[Result "1-0"]
[WhiteElo "1369"]
[BlackElo "1988"]
[PlyCount "47"]
[EventDate "2018.08.10"]
[EventType "swiss"]
[EventRounds "9"]
[EventCountry "PAR"]
[SourceTitle "CBM 186 Extra"]
[Source "ChessBase"]
[SourceDate "2018.08.24"]
[SourceVersion "1"]
[SourceVersionDate "2018.08.24"]
[SourceQuality "1"]

1. e4 c5 2. Nf3 Nc6 3. d4 cxd4 4. Nxd4 d6 5. Nc3 Nf6 6. Be3 Ng4 7. Nf5 Nxe3 8. Nxe3 g6 9. Ned5 Bg7 10. Qf3 0-0 11. 0-0-0 Be6 12. h4 Rc8 13. h5 Ne5 14. Qg3 Bxd5 15. exd5 Qa5 16. f4 Nc4 17. hxg6 fxg6 18. Qh3 h6 19. Qe6+ Kh7 20. Bd3 Bf6 21. Ne4 Kg7 22. Nxf6 exf6 23. Qd7+ Kg8 24. Rxh6 1-0

[Event "PAR-ch sf"]
[Site "Asuncion"]
[Date "2018.08.12"]
[Round "3"]
[White "Cantero, Rodolfo"]
[Black "Vera, Gajardo Jorge L"]
[Result "1-0"]
[WhiteElo "2003"]
[BlackElo "1988"]
[PlyCount "45"]
[EventDate "2018.08.10"]
[EventType "swiss"]
[EventRounds "9"]
[EventCountry "PAR"]
[SourceTitle "CBM 186 Extra"]
[Source "ChessBase"]
[SourceDate "2018.08.24"]
[SourceVersion "1"]
[SourceVersionDate "2018.08.24"]
[SourceQuality "1"]

1. e4 c5 2. Nf3 d6 3. d4 cxd4 4. Nxd4 Nf6 5. Nc3 Nc6 6. Be2 g6 7. Nb3 Bg7 8. Be3 Bd7 9. f4 h5 10. h3 h4 11. Qd2 Nh5 12. 0-0-0 Ng3 13. Rhe1 Nxe2+ 14. Rxe2 Rh5 15. Nd5 Kf8 16. Rf2 f5 17. e5 Be6 18. exd6 exd6 19. Nb4 Ke7 20. Re2 Nxb4 21. Qxb4 Qc7 22. Rxd6 Kf7 23. Rxe6 1-0

[Event "Asuncion Clasificatorio op 4th"]
[Site "Asuncion"]
[Date "2018.06.09"]
[Round "3"]
[White "Vera, Gajardo Jorge L"]
[Black "Nunez, Pablo"]
[Result "1-0"]
[WhiteElo "2002"]
[BlackElo "1364"]
[PlyCount "74"]
[EventDate "2018.06.08"]
[EventType "swiss"]
[EventRounds "7"]
[EventCountry "PAR"]
[SourceTitle "CBM 184 Extra"]
[Source "ChessBase"]
[SourceDate "2018.06.28"]
[SourceVersion "1"]
[SourceVersionDate "2018.06.28"]
[SourceQuality "1"]

1. d4 Nf6 2. Bf4 g6 3. Nf3 Bg7 4. e3 c5 5. Nbd2 cxd4 6. exd4 Nc6 7. c3 d6 8. Be2 0-0 9. 0-0 Rb8 10. Re1 b5 11. a3 a5 12. Nf1 e6 13. N3d2 Rb6 14. Bf3 d5 15. Nb3 Re8 16. Nc5 Bf8 17. Qd2 Nd7 18. b4 Nxc5 19. bxc5 Rb7 20. Rab1 Bd7 21. Ne3 Bg7 22. Be2 b4 23. axb4 axb4 24. Nc2 bxc3 25. Qxc3 Rxb1 26. Rxb1 Qf6 27. Be3 e5 28. dxe5 Nxe5 29. Bd4 Qf5 30. Re1 Qe6 31. f4 f6 32. fxe5 fxe5 33. Bf2 Bc6 34. Nb4 e4 35. Bd4 Bh6 36. Rf1 Bg5 37. Qg3 Be7 1-0

[Event "Sao Paulo Communic 1st"]
[Site "Sao Paulo"]
[Date "2004.02.07"]
[Round "6"]
[White "Maia, Luciano Malta"]
[Black "Vera, Gajardo Jorge L"]
[Result "1-0"]
[WhiteElo "2273"]
[BlackElo "2022"]
[PlyCount "69"]
[EventDate "2004.02.04"]
[EventType "tourn"]
[EventRounds "9"]
[EventCountry "BRA"]
[EventCategory "2"]
[SourceTitle "CBM 098 Extra"]
[Source "ChessBase"]
[SourceDate "2004.03.10"]
[SourceVersion "2"]
[SourceVersionDate "2004.03.10"]
[SourceQuality "1"]

1. e4 c5 2. c3 e6 3. d4 cxd4 4. cxd4 Nf6 5. Nc3 Bb4 6. Bd3 Nc6 7. a3 Ba5 8. Nge2 d6 9. 0-0 h6 10. Bc2 Qe7 11. Ng3 0-0 12. Be3 Bd7 13. Rc1 Rac8 14. h3 a6 15. Qd3 e5 16. Nd5 Qd8 17. b4 Bc7 18. Rfd1 Re8 19. Nxc7 Qxc7 20. Bb3 Qd8 21. dxe5 dxe5 22. Qe2 Qc7 23. f3 Qb8 24. Qa2 Be6 25. Nf5 Rcd8 26. Bb6 Rxd1+ 27. Rxd1 Kh7 28. Bxe6 Rxe6 29. Qc4 g6 30. Ne3 Kg7 31. Nd5 Ne8 32. a4 Qc8 33. Bc5 Nd4 34. Rxd4 exd4 35. Bxd4+ 1-0

[Event "Pan American-chT"]
[Site "Rio de Janeiro"]
[Date "2003.12.16"]
[Round "3"]
[White "Vera, Gajardo Jorge L"]
[Black "Fierro Baquero, Martha Lorena"]
[Result "0-1"]
[WhiteElo "2060"]
[BlackElo "2313"]
[PlyCount "94"]
[EventDate "2003.12.13"]
[EventType "team"]
[EventRounds "5"]
[EventCountry "BRA"]
[SourceTitle "CBM 097 Extra"]
[Source "ChessBase"]
[SourceDate "2004.01.13"]
[SourceVersion "1"]
[SourceVersionDate "2004.01.13"]
[SourceQuality "1"]

1. Nf3 g6 2. d4 Bg7 3. e4 c5 4. c3 cxd4 5. cxd4 d5 6. e5 Nc6 7. Nc3 Bg4 8. Be2 Nh6 9. h3 Bxf3 10. Bxf3 e6 11. g4 0-0 12. Be3 f6 13. exf6 Qxf6 14. Bg2 Nf7 15. Ne2 Nd6 16. 0-0 Rac8 17. Rc1 Nb5 18. f4 Qe7 19. a3 Nd6 20. b3 Kh8 21. Qd3 Rc7 22. Rc2 Rfc8 23. Rfc1 Qd8 24. f5 gxf5 25. Nf4 Qe8 26. Re1 Nb4 27. axb4 Rxc2 28. Nh5 Qg6 29. Bf4 Ne4 30. Nxg7 Kxg7 31. Bxe4 dxe4 32. Qb5 fxg4 33. h4 Kg8 34. Qxb7 Qf5 35. Rf1 Qd5 36. Qe7 e3 37. Qg5+ Qxg5 38. Bxg5 e2 39. Re1 R8c3 40. Kf2 Rf3+ 41. Kg2 Rxb3 42. Be7 Rd3 43. Kf2 Rxd4 44. Rxe2 g3+ 45. Ke3 Rxe2+ 46. Kxe2 g2 47. Kf2 Rg4 0-1

[Event "Pan American-chT"]
[Site "Rio de Janeiro"]
[Date "2003.12.15"]
[Round "2"]
[White "Arencibia Rodriguez, Walter"]
[Black "Vera, Gajardo Jorge L"]
[Result "1-0"]
[WhiteElo "2522"]
[BlackElo "2060"]
[PlyCount "116"]
[EventDate "2003.12.13"]
[EventType "team"]
[EventRounds "5"]
[EventCountry "BRA"]
[SourceTitle "CBM 097 Extra"]
[Source "ChessBase"]
[SourceDate "2004.01.13"]
[SourceVersion "1"]
[SourceVersionDate "2004.01.13"]
[SourceQuality "1"]

1. c4 c5 2. Nf3 Nc6 3. d4 cxd4 4. Nxd4 e6 5. Nc3 Nf6 6. a3 d5 7. cxd5 exd5 8. Bg5 Be7 9. e3 0-0 10. Be2 h6 11. Bh4 Be6 12. 0-0 Rc8 13. Rc1 Nd7 14. Bg3 Nxd4 15. Qxd4 Nc5 16. Rcd1 Bf6 17. Be5 Bxe5 18. Qxe5 Nd7 19. Qd4 Qb6 20. Rd3 Rfd8 21. Rfd1 Qxd4 22. Rxd4 Nb6 23. e4 Re8 24. Bb5 Bd7 25. Bxd7 Nxd7 26. exd5 Kf8 27. f3 a6 28. Kf2 Nb6 29. Ne4 Red8 30. R1d2 f5 31. Ng3 g6 32. h4 h5 33. Ne2 Kf7 34. Nf4 Rd6 35. Re2 a5 36. Kg3 Re8 37. Re6 Rexe6 38. dxe6+ Ke7 39. Nxg6+ Kxe6 40. Nf4+ Ke7 41. Rxd6 Kxd6 42. b3 Nd7 43. Nxh5 Nc5 44. b4 axb4 45. axb4 Nd3 46. b5 Kc5 47. Ng7 Kxb5 48. h5 Ne5 49. Kf4 Nf7 50. Nxf5 Kc5 51. Ke3 b5 52. f4 b4 53. Nd4 Kd5 54. g4 Nd6 55. h6 b3 56. Nxb3 Ke6 57. f5+ Kf6 58. Nc5 Kg5 1-0